Văn hóa, văn học Trung Quốc cùng một số liên hệ ở Việt Nam
v.v...
Đã lưu trong:
| Tác giả chính: | |
|---|---|
| Định dạng: | Sách |
| Năm xuất bản: |
H.
Hà Nội
1996
|
| Chủ đề: | |
| Tags: |
Thêm thẻ
Không có thẻ, Hãy là người đầu tiên gắn thẻ bản ghi này!
|
| LEADER | 00710nam a2200205 4500 | ||
|---|---|---|---|
| 082 | |a 895.109 |b PH 561 L | ||
| 100 | |a Phương Lựu | ||
| 245 | |a Văn hóa, văn học Trung Quốc cùng một số liên hệ ở Việt Nam |c Phương Lựu | ||
| 260 | |a H. |b Hà Nội |c 1996 | ||
| 300 | |a 362tr. |c 19cm | ||
| 500 | |a Sách Photo | ||
| 520 | |a v.v... | ||
| 653 | |a Văn hóa | ||
| 653 | |a Văn học | ||
| 653 | |a Trung Quốc | ||
| 653 | |a Lý luận VH | ||
| 653 | |a nghiên cứu VH | ||
| 942 | |2 ddc |c SH | ||
| 999 | |c 2714 |d 2714 | ||
| 952 | |0 0 |1 0 |2 ddc |4 0 |6 895_109000000000000_PH_561_L |7 0 |8 800 |9 33024 |a qbu |b qbu |c D5 |d 2014-12-15 |g 27300 |o 895.109 PH 561 L |p 5390.C1 |r 0000-00-00 |w 2014-12-15 |y STK0 |0 0 |6 895_109000000000000_PH_561_L | ||